Statistics for Word Association Puzzle

Click here to take the quiz!

General Stats

  • This quiz has been taken 795 times
  • The average score is 10 of 20

Answer Stats

Word association between..Association% Correct
Car and TreeTrunk
87%
Piano and LaptopKeys
76%
Plane and BirdsWings
76%
Arm and ClockHand
70%
Printer and OctopusInk
70%
School and EyePupil
68%
Bed and BookCover
55%
Desk and HumanLegs
53%
Apple and EarthCore
51%
Bath tub and SocketPlug
45%
Glasses and Displayed ArtworkFrame
41%
River and MoneyBank
39%
Tree and HandPalm
36%
Drum Kit and Hunting TrapSnare
34%
Headphones and Car ToolJack
33%
Computer and BrainMemory
33%
Fish and Musical TheoryScales
30%
Football Boots and EaringsStuds
30%
Light and FlowerBulb
17%
House Plant and Herbal DrugPot
16%

Score Distribution

Percentile by Number Answered

Percent of People with Each Score

Your Score History

You have not taken this quiz